00478cam a22001937a 4500003000500000005001700005008004100022010001000063011001000073035001000083040000900093100003400102245003100136260003000167300000900197490003000206650001800236830003000254CHAP20220329134922.0971013s1977 r 00010 d a28055 a29027 a33138 cCHAP00aLama García, Alfredo de la. 0aSurge la sociedad de masas aMéxico :bANUIES,c1977 a2 v. 0aTemas básicos. Historia14aSociología.0 aTemas básicos. Historia